000 00379nam a22001457a 4500
999 _c193662
_d193662
008 221107b ||||| |||| 00| 0 eng d
082 _a230.42-SWA
100 _aOM,SWAMY
245 _aA MILLON THOUGHTS
_hENGLISH
260 _aNEW DELHI
_bA.I.C.B
_cROHINI
270 _aA.I.C.B ,ROHINI NEW DELHI
300 _a.
_b.
_c12X13
490 _v1-4
942 _2ddc
_cBRLEN
_k230.42
_mSWA